Stockholm - Choix multiples - Statistiques

Statistiques générales
  • Ce quiz a été pris 2 015 fois
    2 014 depuis la dernière actualisation
  • Le résultat moyen est 6 sur 10
Statistiques - réponses
Question Réponse % Correct
Quelle cérémonie a lieu chaque année à l'hôtel de ville de Stockholm ? Le banquet des prix Nobel
80%
Sur quelle mer Stockholm se situe-t-elle ? Mer baltique
74%
Qui était Jean-Baptiste Bernadotte avant de devenir Charles XIV Jean, couronné roi de Suède et de Norvège à Stockholm en 1818 ? Un maréchal de France durant les guerres napoléoniennes
61%
Quel est le sujet du musée Vasa ? Un navire de guerre qui coula le jour de son inauguration
60%
Laquelle de ces entreprises a son siège à Stockholm ? Spotify
58%
Que peut-on trouver dans les stations du métro stockholmois ? La plus longue galerie d'art du monde
54%
Lequel d'entre eux n'est PAS né à Stockholm ? Hans Christian Andersen
53%
Qu'est-ce que Mojang ? Le studio de développement à l'origine du jeu vidéo Minecraft
52%
Laquelle de ces images représente le Palais royal de Stockholm ?
45%
Quel nom porte le cœur historique de Stockholm ? Gamla Stan
34%
Aucun quiz correspondant
Distribution des résultats
% des personnes avec chaque résultat
Percentile par nombre de réponses
Votre historique - résultats
Vous n’avez pas pris ce quiz depuis la dernière actualisation